000 00313nam a2200145Ia 4500
100 _aLabour law agency
650 _aGeneral
942 _cBK
654 _aact
245 _aEmployee''''s state insurance
260 _bS.L.Dwivedi pub.
_aBombay
_c1982
082 _a344.02
300 _a159
546 _aENGLISH
999 _c29094
_d29094